000 00619nam a2200169 a 4500
008 080423s1987 ||||||||||||||||| || u
020 _a0340369973
050 _aRD 96.4 Kem
100 _aLamb, Brenda E
245 1 0 _aPractical Burns Management
_cKemble, J. V. Harvey
260 _aLondon
_bHodder & Stoughton
_c1987
300 _axiv, 261p.: ill.
350 _a0.00
650 _aBURNS AND SCALDS - TREATMENT
700 _aKemble, J. V. Harvey
995 _D0.00
_FCBU-MAIN LIBRARY (Kitwe)
_H1
_I0.00
_M1
_UAVAILABLE
_WApr 23, 2008
_ZAnnex Low-Usage Collection
999 _c54213
_d54213